000 00783nas a22002411i#4500
001 1757
003 ES-MaACL
005 20260127062521.0
007 t|
008 950801c1875 sp | | 1 ||pa d
080 _a34(05)
245 0 0 _aRevista de la Academia de Jurisprudencia y Legislación.
260 _aMadrid :
_b[s.n.],
_c1875- (
_fImpr. de Antonio Florez y Cia.)
300 _a1 v. (284 p.) ;
_c24 cm.
362 0 _aAño I, t. I (1875)-
500 _aEncuadernada con : Revista universal y del mundo católico.
650 1 7 _aDerecho
_2embne
_911602
650 4 _aInstituciones científicas y diversas
_913829
700 _aReal Academia de Jurisprudencia y Legislación de España
_9217612
852 _aES-MaACL
_jB-9331(1)
866 1 _o1875.
999 _c1757
_d1757